Essentials of business communication / (Record no. 15345)

MARC details
000 -LEADER
fixed length control field 00902 a2200253 4500
005 - DATE AND TIME OF LATEST TRANSACTION
control field 20080826152110.0
008 - FIXED-LENGTH DATA ELEMENTS--GENERAL INFORMATION
fixed length control field 080826t xxu||||| |||| 00| 0 eng d
010 ## - LCCN (DPL NO)
LC control number ENG-90927
020 ## - INTERNATIONAL STANDARD BOOK NUMBER
International Standard Book Number 8180546462
Terms of availability 235.00
035 ## - SYSTEM CONTROL NUMBER
System control number EN-74460
037 ## - SOURCE OF ACQUISITION
Source of stock number/acquisition DBAD / PUB
040 ## - CATALOGING SOURCE
Original cataloging agency DPL
Language of cataloging English
082 ## - DEWEY DECIMAL CLASSIFICATION NUMBER
Classification number 651.7
100 ## - MAIN ENTRY--PERSONAL NAME
Personal name Rajendra Pal
245 ## - TITLE STATEMENT
Title Essentials of business communication /
Statement of responsibility, etc by Rajendra Pal [and] J.S. Korlahalli
250 ## - EDITION STATEMENT
Edition statement 11th rev. and enl. ed.
260 ## - PUBLICATION, DISTRIBUTION, ETC. (IMPRINT)
Place of publication, distribution, etc New Delhi
Name of publisher, distributor, etc Sultan Chand
Date of publication, distribution, etc 2008
270 ## - ADDRESS
Address 23, Daryaganj
City New Delhi
Postal code 110 002
300 ## - PHYSICAL DESCRIPTION
Extent Various pagings
Dimensions 24 cm (pbk)
650 ## - SUBJECT ADDED ENTRY--TOPICAL TERM
Topical term or geographic name as entry element Business communication
700 ## - ADDED ENTRY--PERSONAL NAME
Personal name Korlahalli, J.S.
942 ## - ADDED ENTRY ELEMENTS (KOHA)
Institution code [OBSOLETE] dpl
Item type English Books
Source of classification or shelving scheme Dewey Decimal Classification
Classification part 651.7
Call number suffix RAJ
Holdings
Withdrawn status Lost status Damaged status Not for loan Collection code Home library Current library Date acquired Cost, normal purchase price Total Checkouts Full call number Barcode Date last seen Copy number Cost, replacement price Koha item type
      Not For Loan Non-fiction D.B.Act.Division D.B.Act.Division 04/09/2008 235.00   651.7 PAL EN-74460 15/09/2008 1 235.00 English Books

© Delhi Public Library
Hit Counter
free hit counter